| 000 | 01017cam a22002891 4500 | ||
|---|---|---|---|
| 001 | e 41000020 | ||
| 003 | DLC | ||
| 005 | 20260227111229.0 | ||
| 008 | 881109s1941 kyu s100 0 eng c | ||
| 010 | _ae 41000020 | ||
| 035 | _a(OCoLC)18726324 | ||
| 040 |
_aU.S. Off. of Educ. Library _cMsU _dDLC |
||
| 042 | _apremarc | ||
| 050 | 0 | 0 |
_aL152 _b.B35 vol. 8, no. 12 |
| 082 | _a370.63769 | ||
| 110 | 1 |
_aKentucky. _bDepartment of Education. |
|
| 245 | 1 | 0 | _aProblems in the improvement of instruction: a summary of conferences held Nov. 12, 13, 14, 15, 1940. |
| 260 |
_aFrankfort, Ky., _bDept. of Education, _c1941. |
||
| 300 |
_a[1051]-1073 p. _c23 cm. |
||
| 490 | 1 |
_aIts Educational bulletin, _vvol. VIII, no. 12 |
|
| 500 | _aAt head of title: Commonwealth of Kentucky. | ||
| 650 | 0 |
_aEducation _vCongresses. |
|
| 650 | 0 |
_aEducation _zKentucky. |
|
| 650 | 0 |
_aEducation _xAims and objectives. |
|
| 740 | 0 | _aImprovement of instruction. | |
| 830 | 0 |
_aEducational bulletin (Frankfort, Ky.) ; _vvol. VIII, no. 12. |
|
| 999 |
_c21781 _d21781 |
||